Statistics for Honest Corporate Slogans Quiz

Click here to take the quiz!

General Stats

  • This quiz has been taken 16,879 times
  • The average score is 10 of 20

Answer Stats

Honest Slogan Company % Correct
When there's no cokePepsi
95%
Walmart for the middle classTarget
74%
You use them in your ears even
though we say not to
Q-tips
65%
Mask bad photos with filtersInstagram
62%
The browser you use
to download other browsers
Internet Explorer
61%
Find out who's pregnant or engaged todayFacebook
61%
We're just going to keep
adding more blades
Gillette
57%
It's OBVIOUSLY not deliveryDiGiorno
53%
Convince yourself you have
a terminal illness
WebMD
50%
The Italian version of Denny'sOlive Garden
47%
Don't Expect Luggage To ArriveDelta
46%
You're here for the cheddar biscuitsRed Lobster
45%
Sex quizzes. Sex tips. Sex factsCosmopolitan
41%
Always low class. AlwaysWal-Mart
40%
The aliens channelThe History Channel
40%
$2000 Facebook machinesApple
38%
Australian for PBRFoster's
34%
Try it out before buying it on AmazonBest Buy
33%
On every sorority girl at every UniversityUgg
25%
The game version of pure cocaineCandy Crush
20%

Score Distribution

Percentile by Number Answered

Percent of People with Each Score

Your Score History

You have not taken this quiz